000 01036nam a22002297a 4500
999 _c57628
_d57628
003 Ge_BSU
005 20210415141237.0
008 200819s2019 ge ||||| |||| 00| 0 geo d
020 _a9789941964824
041 _ageo
080 _a340. 6 ჰ-61
100 _aჰილგენდორფი, ერიკ
_99262
245 _aშესავალი მედიცინის სისხლის სამართალში /
_c ერიკ ჰილგენდორფი; თარგმ. გერმ. ქ. მჭედლიშვილი.
250 _aმე-2 გამოცემა
264 _aთბილისი:
_cიურისტების სამყარო,
_b2019.
300 _a184 გვ.
_b25 სმ.
500 _aპარალ სათ. გერმ.
501 _aსაგნ. საძიებელი გვ.179-184
653 _aსამართალი
700 _aმჭედლიშვილი, ქ.
_eმთარგმნელი
_99263
942 _2udc
_cBK